An approach English literature for students abroad

Na minha lista:
Detalhes bibliográficos
Formato: Livro
Publicado em: 1950
Tags: Adicionar Tag
Sem tags, seja o primeiro a adicionar uma tag!
Thư viện lưu trữ: Mạng thư viện Đại học Đà Nẵng
LEADER 00455nam a22001811a 4500
001 000037979
003 14274
005 20160412021208.0
008 160412s1950 000
082 |a 4A(07)1493 
245 |a An approach English literature for students abroad  |c H.B.Drake 
260 |c 1950 
OWN |a LNN 
999 |a From the UDN01 
TYP |a Monograph 
980 |a Mạng thư viện Đại học Đà Nẵng